Normal view MARC view

Entry Topical Term

Number of records used in: 1

001 - CONTROL NUMBER

  • control field: 26743

003 - CONTROL NUMBER IDENTIFIER

  • control field: OSt

005 - DATE AND TIME OF LATEST TRANSACTION

  • control field: 20210811105518.0

008 - FIXED-LENGTH DATA ELEMENTS

  • fixed length control field: 210811|| aca||aabn | a|a d

040 ## - CATALOGING SOURCE

  • Original cataloging agency: OSt
  • Transcribing agency: OSt

150 ## - HEADING--TOPICAL TERM

  • Topical term or geographic name entry element: National Programme for Nutritional Support to Primary Education, School children - Food, School children - Food - Government policy

670 ## - SOURCE DATA FOUND

  • Source citation: Work cat.: (OSt)517522: jagat, Suresh Kumar 26742, Analysis of stakeholder’s approach and view for the successful implementation of mild-day meal schme in rural areas of Dakshin Dinajpur district of West Bengal

Powered by Koha